Normal view MARC view
  • Leigh, Autumn,

Entry Nombre Personal

Number of records used in: 5

001 - NUMERO DE CONTROL

  • campo de control: 33791

003 - IDENTIFICADOR DE NUMERO DE CONTROL

  • campo de control: UPN

005 - FECHA Y HORA DE LA ÜLTIMA TRANSACCIÓN

  • campo de control: 20210219194446.0

008 - DATOS DE LONGITUD FIJA

  • campo de control de longitud fija: nabaccnnaabn|||||||||| b |nc|||||d

035 ## - NUMERO DE CONTROL

  • Número de control: UPN11000005898

040 ## - FUENTE DE CATALOGACIÓN

  • Lenguaje de catalogación: SPA
  • Agencia de transcripción: UPN

100 1# - ENCABEZAMIENTO - NOMBRE PERSONAL

  • Nombre personal: Leigh, Autumn,
  • Fechas asociadas con el nombre: 1971-

500 1# - MENCIÓN DE REFERENCIA “VÉASE ADEMÁS”- NOMBRE DE PERSONA

  • Personal name: Roza, Greg,
  • Dates associated with a name: 1971-

670 ## - FUENTE EN LA QUE SE LOCALIZARON DATOS

  • Cita de la fuente: LC

680 ## - NOTA PUBLICA DE ACCESO PÚBLICO

  • Frase explicativa de la referencia: Escritora estadounidense de literatura infantil y juvenil

902 ## - CATALOGADOR

  • Catalogador: MITM/260613